|
|
|
|
| LEADER |
00000cab a2200000 ar4500 |
| 001 |
vtls008982166 |
| 003 |
SK-MaSNL |
| 005 |
20260303204140.0 |
| 008 |
180907c2007 xo wr|p|||||||000 ||slo |
| 038 |
|
|
|a PPPK
|
| 040 |
|
|
|a PPPKCL
|b slo
|c PPPK
|e AACR2
|
| 041 |
0 |
|
|a slo
|
| 044 |
|
|
|a xo
|c SK
|
| 080 |
|
|
|a 614.82
|2 2001
|
| 080 |
|
|
|a 796.52:614.88
|2 2001
|
| 245 |
0 |
0 |
|a Bilanciu horských úrazov vedú Slováci
|c [autor] (kim)
|
| 300 |
|
|
|b Fotogr.
|
| 610 |
1 |
7 |
|a Horská záchranná služba (Vysoké Tatry, Slovensko)
|2 SNKKA
|9 55573
|
| 648 |
|
7 |
|a 2006
|2 snkbucl
|9 313148
|
| 650 |
0 |
7 |
|a úrazy
|2 SNKPH
|9 123733
|
| 650 |
0 |
7 |
|a hory
|2 SNKPH
|9 55651
|
| 650 |
0 |
7 |
|a úrazovosť
|2 SNKPH
|9 20830
|
| 651 |
|
7 |
|a Vysoké Tatry (Poľsko a Slovensko : pohorie)
|2 SNKPHgeo
|9 67729
|
| 655 |
|
7 |
|a analýzy
|2 SNKPH
|9 22242
|
| 773 |
0 |
|
|t Tatranský denník Korzár
|g Roč. VIII, č. 23 (28.1.2006) s. 3
|x 1335-7573
|
| 852 |
|
|
|a PPPK
|b KIS3GCP
|
| 856 |
|
|
|u www.korzar.sk
|
| 999 |
|
|
|c 2188656
|d 2190586
|